| 000 | 00848nam a2200229Ia 4500 | ||
|---|---|---|---|
| 001 | 9665 | ||
| 003 | GE_BSU | ||
| 008 | 181216s||||||||xx |||||||||||||| ||und|| | ||
| 040 | _cGE_BSU | ||
| 080 | _a821.353.1–1+821.353.1-11 | ||
| 100 | _aმირცხულავა,ალიო | ||
| 245 | _aრჩეული ლექსი | ||
| 245 | _bპოემები. დრამატული პოემები | ||
| 245 | _cრედ.ა.ადამია.მხატვ:ლ.გრიგოლია | ||
| 260 | _aთბილისი | ||
| 260 | _bსაბჭოთა საქართველო | ||
| 260 | _c1961 | ||
| 300 | _a595გვ.1ფ.პორტრ.22სმ. | ||
| 653 | _aპოემები. დრამატული პოემები | ||
| 653 | _aრჩეული ლექსი | ||
| 942 | _cBK | ||
| 999 |
_c42949 _d42949 |
||